000 00318nam a22001217a 4500
008 180512b xxu||||| |||| 00| 0 eng d
041 _aeng
080 _a043.3
100 _a0
101 _aMBE-BA
245 _aRoli dhe ndikimi i Investimeve te huaja direkte (IHD) ne Zhvillimin Ekonomik
_cBiqku, G
942 _2udc
_cBK
999 _c45707
_d45707